[Event "Mirandola Giovanni Pico op 4th"]
[Site "Mirandola"]
[Date "2011.01.15"]
[Round "3"]
[White "Vitiello, Luigi"]
[Black "Malago, Federico"]
[Result "0-1"]
[WhiteElo "1850"]
[BlackElo "1960"]
[PlyCount "58"]
[EventDate "2011.01.14"]
[EventType "swiss"]
[EventRounds "5"]
[EventCountry "ITA"]
[SourceTitle "EXT 2012"]
[Source "ChessBase"]
[SourceDate "2011.11.24"]
[SourceVersion "1"]
[SourceVersionDate "2011.11.24"]
[SourceQuality "1"]

1. d4 e6 2. c4 d5 3. e3 Nf6 4. Nc3 c6 5. a3 Bd6 6. Nf3 0-0 7. cxd5 exd5 8. h3 Nbd7 9. Bd3 Re8 10. 0-0 Nf8 11. Qc2 h6 12. b4 Be6 13. Bb2 Qd7 14. Rfe1 Bxh3 15. gxh3 Qxh3 16. Ne5 Bxe5 17. dxe5 Rxe5 18. f4 Rxe3 19. Rxe3 Qxe3+ 20. Kg2 Nh5 21. Ne2 Ne6 22. Qc3 Qxd3 23. Qe5 Qxe2+ 24. Qxe2 Nhxf4+ 25. Kf2 Nxe2 26. Kxe2 f6 27. Rg1 Kf7 28. Kf3 a5 29. Kg4 axb4 0-1

[Event "Mirandola Giovanni Pico op 4th"]
[Site "Mirandola"]
[Date "2011.01.14"]
[Round "1"]
[White "Vitiello, Luigi"]
[Black "Xia, Jie"]
[Result "0-1"]
[WhiteElo "1850"]
[BlackElo "2198"]
[PlyCount "58"]
[EventDate "2011.01.14"]
[EventType "swiss"]
[EventRounds "5"]
[EventCountry "ITA"]
[SourceTitle "EXT 2012"]
[Source "ChessBase"]
[SourceDate "2011.11.24"]
[SourceVersion "1"]
[SourceVersionDate "2011.11.24"]
[SourceQuality "1"]

1. d4 Nf6 2. Nf3 g6 3. c4 Bg7 4. a3 0-0 5. e3 d6 6. Be2 c6 7. 0-0 a6 8. a4 a5 9. Nc3 Na6 10. h3 Qc7 11. Bd3 e5 12. c5 exd4 13. cxd6 Qxd6 14. Nxd4 Nb4 15. Bc4 Qe7 16. Qf3 Nd7 17. Qe2 Nb6 18. Bb3 Re8 19. Re1 Bxd4 20. exd4 Qxe2 21. Rxe2 Bf5 22. Rxe8+ Rxe8 23. h4 Re1+ 24. Kh2 Nd3 25. Nd1 Be6 26. Bc2 Nb4 27. Ne3 Rxe3 28. fxe3 Nxc2 29. Rb1 Ba2 0-1

[Event "Mirandola Giovanni Pico op 1st"]
[Site "Mirandola"]
[Date "2008.01.12"]
[Round "2"]
[White "Gozzi, Giorgio"]
[Black "Vitiello, Luigi"]
[Result "0-1"]
[WhiteElo "1868"]
[BlackElo "1488"]
[PlyCount "86"]
[EventDate "2008.01.11"]
[EventType "swiss"]
[EventRounds "5"]
[EventCountry "ITA"]
[SourceTitle "EXT 2009"]
[Source "ChessBase"]
[SourceDate "2008.11.26"]
[SourceVersion "1"]
[SourceVersionDate "2008.11.26"]
[SourceQuality "1"]

1. e4 e5 2. Nf3 Nc6 3. d4 exd4 4. Bc4 Be7 5. Nxd4 d6 6. Nc3 Ne5 7. Be2 Nf6 8. 0-0 0-0 9. h3 h6 10. Bf4 Bd7 11. Nf3 Nxf3+ 12. Bxf3 Bc6 13. Qd2 Re8 14. Rfe1 Nh7 15. Nd5 Bg5 16. c4 Bxf4 17. Qxf4 Rc8 18. Bh5 Bxd5 19. exd5 Nf6 20. Bf3 Qd7 21. Be4 Re5 22. f3 Rce8 23. Kf2 Qe7 24. Re2 Nxe4+ 25. Rxe4 Rxe4 26. fxe4 Qxe4 27. Qxe4 Rxe4 28. Rc1 Kf8 29. c5 Ke7 30. Rc3 dxc5 31. Rxc5 Kd6 32. Rc3 Re5 33. Rb3 b6 34. Ra3 a5 35. Rf3 f5 36. a3 Rxd5 37. b4 g5 38. h4 c5 39. bxc5+ bxc5 40. Rc3 Ke5 41. Re3+ Kd4 42. Re6 gxh4 43. Rxh6 Kd3 0-1